000 00644nam a2200277Ia 4500
005 20260324135607.0
008 008 260324s9999 xx 000 0 eng d
020 _a9781315037103
037 _aEBOOK
040 _aCRL
040 _beng
040 _cCRL
041 _2eng
041 _aeng
084 _qCRL
100 _aOlav Riste
_91201174
245 4 _aThe Norwegian Intelligence Service, 1945-1970
260 _bTaylor and Francis
260 _c2000
365 _a
365 _b290
856 _uhttp://www.taylorfrancis.com/books/9781315037103
942 _cEBOOK
999 _c1802424
_d1802424